00233nam a2200097Ia 4500008004100000100001400041245002500055260003100080300000900111650001500120191201s2014 xx 000 0 und d aGIRI, N K 0aAutomobile Mechanics aN. DelhibKhanna Pubc2014 a1015 aB.Tech(ME)